| 000 | 00731nam a2200229 a 4500 | ||
|---|---|---|---|
| 001 | BRL_622 | ||
| 005 | 20190320210826.0 | ||
| 008 | 110913s19uu----mx-#######---#000-0#spa-# | ||
| 041 | _aspa | ||
| 044 | _amx | ||
| 050 | 4 |
_aBS1375.5 _b.L53 1900 |
|
| 245 | 1 | 0 |
_aLibro de Esther _cesta edición aparece gracias a la cooperación de los señores: Aron Stein...[et al.] |
| 260 |
_a[México] _b[Organización Misrahi en México] _c[19--] |
||
| 300 |
_a37 p. _c20 cm. |
||
| 500 | _aAu672 | ||
| 500 | _aTexto en: Español y hebreo | ||
| 500 | _aObsequi de la Organizacón Misrahi en México para los Niños Israelitas de México | ||
| 650 | 1 | 4 |
_aBiblia _xEster _924452 |
| 700 | 1 |
_aStein, Aron _924453 |
|
| 902 | _aGRL | ||
| 942 |
_2lcc _cB |
||
| 999 |
_c9434 _d9434 |
||